000 01027cam a2200205 4500
001 ##L132951
008 060324n2006 000 0 eng u
035 _a(Sirsi) u132951
041 0 _aeng
050 0 4 _a333.332 $2 18
100 1 _aMinton, Anna
245 0 4 _aThe privatisation of public space
260 _aLondon
_bRICS
_c2006
300 _a34p.
_bill.
_c30cm.
520 _aLooks at the growing ownership and management of the public realm and argues that a quiet revolution in land ownership, replicating Victorian patterns, is just beginning. It is a sequel to "Building balanced communities" (ISBN 1842191098), a report published by RICS in 2002 which compared American trends toward the spread of gated communities and ghettoes with the growing British phenomenon of hot spots of affluence and cold spots of exclusion.
590 _aIKA280306
690 _aBlock management
_96220
856 4 0 _ahttp://www.annaminton.com/Privatepublicspace.pdf
_zView the item free of charge at www.annaminton.com
942 _n0
999 _c105290
_d105290